ბათუმის შოთა რუსთაველის სახელმწიფო უნივერსიტეტის ბიბლიოთეკა

მოსკოვი ქვეყნად ერთია (ბიბ.ჩანაწერი № 43566)

000 -LEADER
fixed length control field 00818nam a2200229Ia 4500
001 - CONTROL NUMBER
control field 10299
003 - CONTROL NUMBER IDENTIFIER
control field GE_BSU
008 - FIXED-LENGTH DATA ELEMENTS--GENERAL INFORMATION
fixed length control field 181216s||||||||xx |||||||||||||| ||und||
040 ## - CATALOGING SOURCE
Transcribing agency GE_BSU
080 ## - UNIVERSAL DECIMAL CLASSIFICATION NUMBER
Universal Decimal Classification number 821.353.1–31+821.353.1-32
100 ## - MAIN ENTRY--PERSONAL NAME
Personal name ურჯუმელაშვილი, ვანო
245 ## - TITLE STATEMENT
Title მოსკოვი ქვეყნად ერთია
245 ## - TITLE STATEMENT
Remainder of title [რომანი და მოთხრობა]
245 ## - TITLE STATEMENT
Statement of responsibility, etc. რედ.გრ.ჯულუხიძე.მხატვ.ა.თოდრია
260 ## - PUBLICATION, DISTRIBUTION, ETC.
Place of publication, distribution, etc. თბილისი
260 ## - PUBLICATION, DISTRIBUTION, ETC.
Name of publisher, distributor, etc. მერანი
260 ## - PUBLICATION, DISTRIBUTION, ETC.
Date of publication, distribution, etc. 1975
300 ## - PHYSICAL DESCRIPTION
Extent 480გვ.20სმ.
653 ## - INDEX TERM--UNCONTROLLED
Uncontrolled term [რომანი და მოთხრობა]
653 ## - INDEX TERM--UNCONTROLLED
Uncontrolled term მოსკოვი ქვეყნად ერთია
942 ## - ADDED ENTRY ELEMENTS (KOHA)
Koha item type წიგნი
ეგზემპლარები
Withdrawn status Lost status Damaged status Not for loan Date acquired Barcode Date last seen Price effective from Koha item type
        2018-12-17 34012 2018-12-17 2018-12-17 წიგნი
        2018-12-17 34013 2018-12-17 2018-12-17 წიგნი